000
00250nam a2200097Ia 4500
001
867574
005
20250826175609.0
008
250824s9999 xx 000 0 und d
245
0
_a
YETERİNCE TEMBEL MİSİN
_c
TUĞBA COŞKUNER
260
_b
CEZVE YAYINLARI
999
_c
867574
_d
867574